<?xml version="1.0" encoding="UTF-8"?>
<record
    xmlns:xsi="http://www.w3.org/2001/XMLSchema-instance"
    xsi:schemaLocation="http://www.loc.gov/MARC21/slim http://www.loc.gov/standards/marcxml/schema/MARC21slim.xsd"
    xmlns="http://www.loc.gov/MARC21/slim">

  <leader>00607nam a22001697a 4500</leader>
  <datafield tag="999" ind1=" " ind2=" ">
    <subfield code="c">58795</subfield>
    <subfield code="d">58795</subfield>
  </datafield>
  <controlfield tag="005">20230323171444.0</controlfield>
  <controlfield tag="008">220808u2017    ge ||||| |||| 00| 0 geo d</controlfield>
  <datafield tag="020" ind1=" " ind2=" ">
    <subfield code="q">15122476</subfield>
  </datafield>
  <datafield tag="041" ind1=" " ind2=" ">
    <subfield code="a">geo</subfield>
  </datafield>
  <datafield tag="245" ind1=" " ind2=" ">
    <subfield code="a">&#x10DB;&#x10EC;&#x10D5;&#x10D0;&#x10DC;&#x10D4;&#x10E7;&#x10D5;&#x10D0;&#x10D5;&#x10D8;&#x10DA;&#x10D0; /</subfield>
    <subfield code="c">&#x10DB;&#x10D7;&#x10D0;&#x10D5;&#x10D0;&#x10E0;&#x10D8; &#x10E0;&#x10D4;&#x10D3;&#x10D0;&#x10E5;&#x10E2;&#x10DD;&#x10E0;&#x10D8; &#x10D2;&#x10D8;&#x10D6;&#x10DD; &#x10D7;&#x10D0;&#x10D5;&#x10D0;&#x10EB;&#x10D4;.</subfield>
    <subfield code="b"> </subfield>
  </datafield>
  <datafield tag="260" ind1=" " ind2=" ">
    <subfield code="a">&#x10E5;&#x10E3;&#x10D7;&#x10D0;&#x10D8;&#x10E1;&#x10D8;.</subfield>
  </datafield>
  <datafield tag="300" ind1=" " ind2=" ">
    <subfield code="a">v.</subfield>
  </datafield>
  <datafield tag="653" ind1=" " ind2=" ">
    <subfield code="a">&#x10DB;&#x10EC;&#x10D5;&#x10D0;&#x10DC;&#x10D4;&#x10E7;&#x10D5;&#x10D0;&#x10D5;&#x10D8;&#x10DA;&#x10D0;</subfield>
  </datafield>
  <datafield tag="653" ind1=" " ind2=" ">
    <subfield code="a">&#x10DE;&#x10DD;&#x10D4;&#x10D6;&#x10D8;&#x10D0;</subfield>
  </datafield>
  <datafield tag="700" ind1=" " ind2=" ">
    <subfield code="a">&#x10D7;&#x10D0;&#x10D5;&#x10D0;&#x10EB;&#x10D4;, &#x10D2;&#x10D8;&#x10D6;&#x10DD;</subfield>
    <subfield code="e">&#x10DB;&#x10D7;&#x10D0;&#x10D5;&#x10D0;&#x10E0;&#x10D8; &#x10E0;&#x10D4;&#x10D3;&#x10D0;&#x10E5;&#x10E2;&#x10DD;&#x10E0;&#x10D8;</subfield>
    <subfield code="9">14514</subfield>
  </datafield>
  <datafield tag="942" ind1=" " ind2=" ">
    <subfield code="2">udc</subfield>
    <subfield code="c">CR</subfield>
  </datafield>
  <datafield tag="952" ind1=" " ind2=" ">
    <subfield code="0">0</subfield>
    <subfield code="1">0</subfield>
    <subfield code="2">udc</subfield>
    <subfield code="4">0</subfield>
    <subfield code="7">0</subfield>
    <subfield code="9">92455</subfield>
    <subfield code="a">CPL</subfield>
    <subfield code="b">CPL</subfield>
    <subfield code="c">GEN</subfield>
    <subfield code="d">2022-08-08</subfield>
    <subfield code="h">#3 (29) 2017</subfield>
    <subfield code="p">80913 p</subfield>
    <subfield code="r">2022-08-08</subfield>
    <subfield code="t">80913</subfield>
    <subfield code="w">2022-08-08</subfield>
    <subfield code="y">CR</subfield>
  </datafield>
  <datafield tag="952" ind1=" " ind2=" ">
    <subfield code="0">0</subfield>
    <subfield code="1">0</subfield>
    <subfield code="2">udc</subfield>
    <subfield code="4">0</subfield>
    <subfield code="7">0</subfield>
    <subfield code="9">92456</subfield>
    <subfield code="a">CPL</subfield>
    <subfield code="b">CPL</subfield>
    <subfield code="c">GEN</subfield>
    <subfield code="d">2022-08-08</subfield>
    <subfield code="h">#2 (46) 2020</subfield>
    <subfield code="p">80914 p</subfield>
    <subfield code="r">2022-08-08</subfield>
    <subfield code="t">80914</subfield>
    <subfield code="w">2022-08-08</subfield>
    <subfield code="y">CR</subfield>
  </datafield>
  <datafield tag="952" ind1=" " ind2=" ">
    <subfield code="0">0</subfield>
    <subfield code="1">0</subfield>
    <subfield code="2">udc</subfield>
    <subfield code="4">0</subfield>
    <subfield code="7">0</subfield>
    <subfield code="9">92457</subfield>
    <subfield code="a">CPL</subfield>
    <subfield code="b">CPL</subfield>
    <subfield code="c">GEN</subfield>
    <subfield code="d">2022-08-08</subfield>
    <subfield code="h">#2 (52) 2021</subfield>
    <subfield code="p">80915 p</subfield>
    <subfield code="r">2022-08-08</subfield>
    <subfield code="t">80915</subfield>
    <subfield code="w">2022-08-08</subfield>
    <subfield code="y">CR</subfield>
  </datafield>
  <datafield tag="952" ind1=" " ind2=" ">
    <subfield code="0">0</subfield>
    <subfield code="1">0</subfield>
    <subfield code="2">udc</subfield>
    <subfield code="4">0</subfield>
    <subfield code="7">0</subfield>
    <subfield code="9">94121</subfield>
    <subfield code="a">CPL</subfield>
    <subfield code="b">CPL</subfield>
    <subfield code="c">GEN</subfield>
    <subfield code="d">2023-03-23</subfield>
    <subfield code="h">#2 (46) 2020</subfield>
    <subfield code="p">81038 p</subfield>
    <subfield code="r">2023-03-23</subfield>
    <subfield code="t">81038</subfield>
    <subfield code="w">2023-03-23</subfield>
    <subfield code="y">CR</subfield>
  </datafield>
</record>
